Escudo de armas de México (Record no. 8267)

MARC details
000 -CABECERA
campo de control de longitud fija 02050nam a2200361 a 4500
001 - NÚMERO DE CONTROL
campo de control BRCA_8604
005 - FECHA Y HORA DE LA ÚLTIMA TRANSACCIÓN
campo de control 20190320210337.0
008 - DATOS DE LONGITUD FIJA--INFORMACIÓN GENERAL
campo de control de longitud fija 070916s1746----mx-#######---#000-0#spa-#
041 ## - CÓDIGO DE LENGUA
Código de lengua del texto/banda sonora o título independiente spa
044 ## - CÓDIGO DEL PAÍS DE LA ENTIDAD EDITORA/PRODUCTORA
Código MARC del país mx
050 #4 - SIGNATURA TOPOGRÁFICA DE LA BIBLIOTECA DEL CONGRESO
Número de clasificación F1386
Número de documento/Ítem .C33 1746
100 1# - ENTRADA PRINCIPAL--NOMBRE DE PERSONA
Nombre de persona Cabrera y Quintero, Cayetano de
9 (RLIN) 21506
245 10 - MENCIÓN DE TÍTULO
Título Escudo de armas de México
Resto del título celestial proteccion de esta nobilissima ciudad de la Nueva España y de casi todo el nuevo mundo, Maria santissima, en su portentosa imagen del mexicano Guadalupe, milagrosamente apparecida en el palacio arzobispal el año de 1531 y jurada su principal patrona el passado de 1737. En la angustia que ocasionó la pestilencia, que cebada con mayor rigor en los indios, mitigó sus ardores al abrigo de tanta sombra
Mención de responsabilidad, etc. Juan Antonio de Vizarron y Eguiarreta, Cayetano de Cabrera y Quintero.
260 ## - PUBLICACIÓN, DISTRIBUCIÓN, ETC.
Lugar de publicación, distribución, etc. México
Nombre del editor, distribuidor, etc. Viuda de D. Joseph Bernardo de Hogal
Fecha de publicación, distribución, etc. 1746
300 ## - DESCRIPCIÓN FÍSICA
Extensión [32], 522 p., [24]
Dimensiones 29 cm.
500 ## - NOTA GENERAL
Nota general Fondo Antiguo. Se encuentra en Caja Fuerte
500 ## - NOTA GENERAL
Nota general W-148
500 ## - NOTA GENERAL
Nota general Grabado en contraportada
500 ## - NOTA GENERAL
Nota general Portada impresa a dos tintas negro y rojo
500 ## - NOTA GENERAL
Nota general Con dedicatoria : A la augusta magestad de nuestro rey y señor, El señor Don Fernando Sexto, Rey de las Españas y Emperador de las Indias
500 ## - NOTA GENERAL
Nota general Con lincencia del Superior Gobierno, Licencia del ordinario y Erratas
500 ## - NOTA GENERAL
Nota general Incluye prólogo, apéndice e índice de cosas notables
500 ## - NOTA GENERAL
Nota general Uso de letras capitulares y viñetas al final de cada capítulo
500 ## - NOTA GENERAL
Nota general Estado físico : presentan rotura en el texto las páginas 163-168, p. 281-282 y últimas 2 hojas manchadas, guardas desprendidas
500 ## - NOTA GENERAL
Nota general Nota de encuadernación : piel pergamino
506 0# - NOTA DE RESTRICCIONES AL ACCESO
Limitaciones de acceso Fondo reservado : para su consulta es necesario credencial de usuario y carta de motivos
650 14 - PUNTO DE ACCESO ADICIONAL DE MATERIA--TÉRMINO DE MATERIA
Término de materia o nombre geográfico como elemento de entrada Virgen de Guadalupe
9 (RLIN) 21507
650 14 - PUNTO DE ACCESO ADICIONAL DE MATERIA--TÉRMINO DE MATERIA
Término de materia o nombre geográfico como elemento de entrada Epidemias
Subdivisión general Historia
Subdivisión geográfica México
9 (RLIN) 21508
650 14 - PUNTO DE ACCESO ADICIONAL DE MATERIA--TÉRMINO DE MATERIA
Término de materia o nombre geográfico como elemento de entrada Historia
Subdivisión geográfica México
9 (RLIN) 10416
700 1# - PUNTO DE ACCESO ADICIONAL--NOMBRE DE PERSONA
Nombre de persona Vizarron y Eguiarreta, Juan Antonio de
9 (RLIN) 21509
902 ## - CATALOGADOR
Iniciales LAR
942 ## - ELEMENTOS DE PUNTO DE ACCESO ADICIONAL (KOHA)
Fuente del sistema de clasificación o colocación Library of Congress Classification
Tipo de ítem Koha Libros
Holdings
Estado de retiro Estado de pérdida Estado dañado No para préstamo Localización permanente Ubicación/localización actual Fecha de adquisición Número de inventario Total de préstamos Signatura topográfica completa Código de barras Fecha visto por última vez Precio válido a partir de Tipo de ítem Koha
El ejemplar forma parte de la colección y puede ser consultado según las políticas vigentes.       Biblioteca del Museo Franz Mayer (Rogerio Casas-Alatriste) Biblioteca del Museo Franz Mayer (Rogerio Casas-Alatriste) 07/09/2016 W-148   F1386 .C33 1746 (W-148) LAR00115 22/03/2019 22/03/2019 Libros